01145nam a2200289Ia 4500001001200000003000800012006001900020007001500039008004100054020002500095020002400120040002100144035002100165050002300186100002700209245007000236260005600306300001600362504004100378533015200419650003200571650004700603650003300650655002900683710001700712856012600729ebr10141490CaPaEBRm u cr cn|||||||||890524s1990 quc sb 000 0 eng d z0773507248 (bound) : z0773507485 (pbk.) : aCaPaEBRcCaPaEBR a(OCoLC)24350092114aHM221b.L43 1990eb1 aLeiss, William,d1939-10aUnder technology's thumbh[electronic resource] /cWilliam Leiss. aMontreal :bMcGill-Queen's University Press,c1990. axii, 169 p. aIncludes bibliographical references. aElectronic reproduction.bPalo Alto, Calif. :cebrary,d2009.nAvailable via World Wide Web.nAccess may be limited to ebrary affiliated libraries. 0aTechnologyxSocial aspects. 0aTechnological innovationsxSocial aspects. 0aTechnology and civilization. 7aElectronic books.2local2 aebrary, Inc.40uhttp://site.ebrary.com/lib/rucke/Doc?id=10141490zAn electronic book accessible through the World Wide Web; click to view